<?xml version="1.0" encoding="UTF-8"?><?xml-stylesheet type="text/xsl" href="static/style.xsl"?><OAI-PMH xmlns="http://www.openarchives.org/OAI/2.0/" xmlns:xsi="http://www.w3.org/2001/XMLSchema-instance" xsi:schemaLocation="http://www.openarchives.org/OAI/2.0/ http://www.openarchives.org/OAI/2.0/OAI-PMH.xsd"><responseDate>2026-04-17T00:58:17Z</responseDate><request verb="GetRecord" identifier="oai:www.recercat.cat:2445/184828" metadataPrefix="marc">https://recercat.cat/oai/request</request><GetRecord><record><header><identifier>oai:recercat.cat:2445/184828</identifier><datestamp>2025-12-05T05:37:40Z</datestamp><setSpec>com_2072_1057</setSpec><setSpec>col_2072_478857</setSpec><setSpec>col_2072_478901</setSpec><setSpec>col_2072_478917</setSpec></header><metadata><record xmlns="http://www.loc.gov/MARC21/slim" xmlns:dcterms="http://purl.org/dc/terms/" xmlns:xsi="http://www.w3.org/2001/XMLSchema-instance" xmlns:doc="http://www.lyncode.com/xoai" xsi:schemaLocation="http://www.loc.gov/MARC21/slim http://www.loc.gov/standards/marcxml/schema/MARC21slim.xsd">
   <leader>00925njm 22002777a 4500</leader>
   <datafield ind2=" " ind1=" " tag="042">
      <subfield code="a">dc</subfield>
   </datafield>
   <datafield ind2=" " ind1=" " tag="720">
      <subfield code="a">Ripoll, Gisela</subfield>
      <subfield code="e">author</subfield>
   </datafield>
   <datafield ind2=" " ind1=" " tag="260">
      <subfield code="c">2022-04-07T15:03:33Z</subfield>
   </datafield>
   <datafield ind2=" " ind1=" " tag="260">
      <subfield code="c">2022-04-07T15:03:33Z</subfield>
   </datafield>
   <datafield ind2=" " ind1=" " tag="260">
      <subfield code="c">2021-11-01</subfield>
   </datafield>
   <datafield ind2=" " ind1=" " tag="260">
      <subfield code="c">2022-04-07T15:03:33Z</subfield>
   </datafield>
   <datafield ind2=" " ind1=" " tag="520">
      <subfield code="a">[eng] Late Antique and Early Medieval sculpture in the Iberian Peninsula does not have a complete corpus, but a large number of dispersed studies that allow us to establish a state of the art. We have corpora for regions, cities or museum collections, such as Badajoz, Córdoba, Tarragona or Toledo, as well as thematic directories, such as figurative sculpture, liturgical altars or funerary sculpture. However, specific studies on the prestige spolia concerning sculpture and epigraphy are lacking, distinguishing them from material of an exclusively constructive nature, as well as good analyses of liturgical furniture, local workshops, imports and a good chronological sequence of productions. The objective of this presentation is to offer a state of knowledge on this material, on iconography and production, in order to identify future work mechanisms, especially archaeometric analysis.</subfield>
   </datafield>
   <datafield ind2=" " ind1=" " tag="520">
      <subfield code="a">[fre] La sculpture de l'Antiquité tardive et du haut Moyen Âge en péninsule Ibérique ne possède pas un corpus complet, mais un grand nombre d'études dispersées qui permettent d'établir un état de la question. Nous disposons de corpora pour des régions, villes ou collections de musées, comme Badajoz, Cordoue, Tarragone ou Tolède, ainsi que des répertoires à caractère thématique, comme la sculpture figurée, les autels liturgiques ou la sculpture funéraire. Cela dit, il manque des études spécifiques sur les spolia de prestige concernant la sculpture et l'épigraphie en les distinguant du matériel à caractère exclusivement constructif, ainsi que de bonnes analyses sur le mobilier liturgique, les ateliers locaux, les importations et une bonne séquence chronologique des productions. L'objectif de cette présentation est d'offrir un état de la connaissance sur ce matériel, sur l'iconographie et la production, en vue de cerner des mécanismes de travail futur, tout spécialement des analyses archéométriques.</subfield>
   </datafield>
   <datafield tag="653" ind2=" " ind1=" ">
      <subfield code="a">Arquitectura</subfield>
   </datafield>
   <datafield tag="653" ind2=" " ind1=" ">
      <subfield code="a">Escultura</subfield>
   </datafield>
   <datafield tag="653" ind2=" " ind1=" ">
      <subfield code="a">Història antiga</subfield>
   </datafield>
   <datafield tag="653" ind2=" " ind1=" ">
      <subfield code="a">Història medieval</subfield>
   </datafield>
   <datafield tag="653" ind2=" " ind1=" ">
      <subfield code="a">Península Ibèrica</subfield>
   </datafield>
   <datafield tag="653" ind2=" " ind1=" ">
      <subfield code="a">Architecture</subfield>
   </datafield>
   <datafield tag="653" ind2=" " ind1=" ">
      <subfield code="a">Sculpture</subfield>
   </datafield>
   <datafield tag="653" ind2=" " ind1=" ">
      <subfield code="a">Ancient history</subfield>
   </datafield>
   <datafield tag="653" ind2=" " ind1=" ">
      <subfield code="a">Medieval history</subfield>
   </datafield>
   <datafield tag="653" ind2=" " ind1=" ">
      <subfield code="a">Iberian Peninsula</subfield>
   </datafield>
   <datafield ind2="0" ind1="0" tag="245">
      <subfield code="a">La sculpture de l'Antiquité tardive et du haut Moyen Âge en péninsule Ibérique, une révision nécessaire</subfield>
   </datafield>
</record></metadata></record></GetRecord></OAI-PMH>